Word Ladder: Soccer Talk Quiz Stats

Quiz Updated Dec 27, 2015

Challenge
Share
Tweet
Embed
Score 0/39 Timer 04:00
10 Plays Today
Hint 4-Letter Word % Correct
• Spherical object used to play soccer •BALL
99.5%
• Line of soccer players to block a free kick •WALL
97.2%
Large in heightTALL
95.6%
To speakTALK
95.4%
Travel by footWALK
94.9%
To get bad gradesFAIL
94.3%
To drop under the force of gravityFALL
93.9%
• Ball shot into the opponent's net •GOAL
87.7%
Kitchen wrapFOIL
87.6%
• To transfer the ball between players •PASS
87.4%
• An offense in soccer •FOUL
86.2%
• Referee handout, in yellow or red •CARD
84.9%
Lion's soundROAR
84.2%
• One of the sidebars holding up the net •POST
83.4%
Before the presentPAST
82.7%
• Opposite of away, for a game •HOME
81.9%
AutomobilesCARS
81.4%
One of the tastes your tongue can senseSOUR
81%
Piece of clothing for the winterCOAT
80.1%
Farm animal that eats anythingGOAT
79.6%
Hint 4-Letter Word % Correct
• When the goalie stops a penalty •SAVE
79.3%
Music genreSOUL
78.2%
Top layer of a cappuccinoFOAM
76.7%
The amount one paysCOST
76.3%
To explore and wanderROAM
75.1%
Consistent or alikeSAME
74.5%
Colt or filly, e.g.FOAL
73.9%
Singer with the Mamas and the PapasCASS
73.7%
A fewSOME
73.7%
Boot accessory for cowboysSPUR
70.6%
NakedBARE
70.4%
Where two fabrics are joined togetherSEAM
69.9%
Mail that you would rather not receiveSPAM
69.1%
500 sheets of paperREAM
68.5%
Your cabooseREAR
68.1%
To be concerned about somethingCARE
67.9%
Composer of heroic poemsBARD
67.4%
Natural place to shelterCAVE
66.6%
Pole to carry the sail of a boatSPAR
61.3%

Today's Daily Dose

Word Ladder
KISS Hit

On This Day
January 22nd

You're not logged in!

Compare scores with friends on all Sporcle quizzes.
Sign Up with Email
OR
Log In

You Might Also Like...

Show Comments

Extras

Top Quizzes Today


Score Distribution

Your Account Isn't Verified!

In order to create a playlist on Sporcle, you need to verify the email address you used during registration. Go to your Sporcle Settings to finish the process.